000 01084nam a2200337Ia 4500
003 OSt
005 20220912145029.0
006 a|||||r|||| 00| 0
007 ta
008 220909b |||||||| |||| 00| 0 eng d
020 _a9780691123448 (hbd)
024 _a83187
037 _b120, 05/02/2009, VDT Research Press
037 _cTextual
040 _aCSL
_beng
_cCSL
041 _aeng
082 _aG:5:(B), P7;1
100 _aOtto Sarah P
245 0 _aBiologist's guide to mathematical modeling in ecology and evolution
260 _aNew Jersey
_bPrinceton University Press
_c2007
300 _ax, 732p.
_ccm.
500 _aIncludes bibliographical references.; Appendix1-5, 695-724p.; Index 725-732p.
650 _a Ecology and evolution
650 _a Ecology-mathematical models
650 _a Evolution-mathematical models
650 _a Mathematical modeling
650 _aBiology
700 _a Day Troy
942 _hG:5:(B), P7;1
_cTEXL
_2CC
999 _c21295
_d21295